000 00693nam a2200217 a 4500
005 20230121063542.0
008 080219s2007 mx r 000 0 spa d
020 _a9789681683740
035 _aUPN01000154323
049 _aI
050 4 _aPZ76.3
_bL3.5
100 1 _aLaRochelle, David
245 1 3 _aLa mejor mascota /
_cDavid LaRochelle ; tr. de Laura Emilia Pacheco ; il. de Hanako Wakiyama.
260 _aMéxico :
_bFCE,
_c2007.
300 _a[30] p. :
_bil. col.
440 4 _aLos primerísimos
534 _pTraducción de:
_tThe Best Pet of All
650 4 _aANIMALES DOMESTICOS -
_vLITERATURA INFANTIL
_91347
650 2 _aDragones
_vLiteratura juvenil
_96754
905 _aInfantil
999 _c126440
_d126440